01157 a2200217 4500003000500000005001700005010001300022040000900035082001200044100002400056245005200080260003900132300001800171505039800189600001800587650003400605942002100639999001900660952013600679952012400815NUST20230126184342.0 a68019949 cNust a900,WIL aWill, Durant925390 aThe lessons of history /cWill and Ariel Durant aSimon and SchusterbNew Yorkc1968 a82 p.;b26 cm aHesitations (Page-11), History and the Earth (Page-14), Biology and History (Page-18), Race and History (Page-25), Character and History (Page-32), Morals and History (Page-37), Religion and History (Page-43), Economics and History (Page-52), Socialism and History (Page-58), Government and History (Page-68), History and War (Page-81), Growth and Decay (Page-87), Is Progress Real (Page-95).  aDurant, Will, aThe lessons of history911322 2ddccBKk900,WIL c186173d186173 00102ddc4070aMCSbMCScGENd2016-12-12l1o900,WILpMCS32899r2023-09-14s2023-08-30w2016-12-12yBKzAlmirah No.58, Shelf No.3 00102ddc4070aMCSbMCScGENd2023-01-26l0o900,WILpMCS32898r2023-01-26w2023-01-26yBKzAlmirah No.58, Shelf No.3